'B' Sitcom Surnames Quiz Stats

 Plays Quiz Updated Jun 17, 2019

Support Sporcle.
Go Orange.
Score 0/16 Timer 04:00
0 Plays Today
% Correct
Phoebe Buffay
94%
Cleveland Brown
89.7%
Al Bundy
89.4%
Selma Bouvier
89.1%
Ray Barone
88%
Jackie Burkhart
88%
Philip Banks
87.5%
Bob Belcher
85.1%
% Correct
Mike Brady
84.5%
Kyle Broflovski
84.5%
Michael Bluth
83.3%
Charles Boyle
82.2%
Archie Bunker
81.8%
Stuart Bloom
74.3%
Bob Briscoe
72.9%
Ned Bigby
63.7%

You're not logged in!

Compare scores with friends on all Sporcle quizzes.
OR
Log In

From the Vault

Rick Astley Guarantees

by Matt

Oh Rick, is there anyone more faithful?
Remove Ads.
Support Sporcle.
Get the best of Sporcle when you Go Orange. This ad-free experience offers more features, more stats, and more fun while also helping to support Sporcle. Thank you for becoming a member.

Show Comments

Extras

Top Quizzes Today


Score Distribution

Your Account Isn't Verified!

In order to create a playlist on Sporcle, you need to verify the email address you used during registration. Go to your Sporcle Settings to finish the process.

Report this User

Report this user for behavior that violates our Community Guidelines.

Details: